<?xml version="1.0" encoding="UTF-8"?>
<record
    xmlns:xsi="http://www.w3.org/2001/XMLSchema-instance"
    xsi:schemaLocation="http://www.loc.gov/MARC21/slim http://www.loc.gov/standards/marcxml/schema/MARC21slim.xsd"
    xmlns="http://www.loc.gov/MARC21/slim">

  <leader>01514nmm a2200325   4500</leader>
  <controlfield tag="001">57820</controlfield>
  <controlfield tag="003">Biblioteca APEC</controlfield>
  <controlfield tag="005">20251014134041.0</controlfield>
  <controlfield tag="008">221018b2020    dr ||||| |||| 00| 0 spa d</controlfield>
  <datafield tag="040" ind1=" " ind2=" ">
    <subfield code="a">Biblioteca UNAPEC</subfield>
    <subfield code="b">spa</subfield>
    <subfield code="c">Biblioteca APEC</subfield>
    <subfield code="e">rda</subfield>
  </datafield>
  <datafield tag="041" ind1=" " ind2=" ">
    <subfield code="a">spa</subfield>
  </datafield>
  <datafield tag="072" ind1=" " ind2=" ">
    <subfield code="a">Facultad de Humanidades</subfield>
  </datafield>
  <datafield tag="090" ind1=" " ind2=" ">
    <subfield code="a">eT TPG-CI MMM-15 2020</subfield>
  </datafield>
  <datafield tag="100" ind1="1" ind2="0">
    <subfield code="a">Zayas M., Valeria</subfield>
    <subfield code="e">autor</subfield>
    <subfield code="9">111229</subfield>
  </datafield>
  <datafield tag="245" ind1="1" ind2="0">
    <subfield code="a">Estrategia did&#xE1;ctica para elevar el nivel de dominio de la competencia razona y argumenta en la teor&#xED;a conjuntista en 3er. grado de secundaria, Liceo Eugenio Mar&#xED;a de Hostos, Veragua /</subfield>
    <subfield code="c">Valeria Zayas M. ; asesor: Damarys Vicente de la Riva</subfield>
  </datafield>
  <datafield tag="260" ind1=" " ind2=" ">
    <subfield code="a">Santiago de los Caballeros :</subfield>
    <subfield code="b">Universidad APEC,</subfield>
    <subfield code="c">2020</subfield>
  </datafield>
  <datafield tag="300" ind1=" " ind2=" ">
    <subfield code="a">1 CD ROM</subfield>
  </datafield>
  <datafield tag="336" ind1=" " ind2=" ">
    <subfield code="a">Texto</subfield>
    <subfield code="b">txt</subfield>
    <subfield code="2">rdacontent</subfield>
  </datafield>
  <datafield tag="337" ind1=" " ind2=" ">
    <subfield code="a">ordenador</subfield>
    <subfield code="b">c</subfield>
    <subfield code="2">rdamedia</subfield>
  </datafield>
  <datafield tag="338" ind1=" " ind2=" ">
    <subfield code="a">recurso en l&#xED;nea</subfield>
    <subfield code="b">cr</subfield>
    <subfield code="2">rdacarrier</subfield>
  </datafield>
  <datafield tag="500" ind1=" " ind2=" ">
    <subfield code="a">Tesis en Formato PDF.
Tesis en Formato Electr&#xF3;nico.
Tesis en Formato Digital.</subfield>
  </datafield>
  <datafield tag="502" ind1=" " ind2=" ">
    <subfield code="a">Tesis (Maestr&#xED;a en la Ense&#xF1;anza de Matem&#xE1;tica Media-Superior) - Universidad APEC, 2020</subfield>
  </datafield>
  <datafield tag="650" ind1=" " ind2="7">
    <subfield code="2">lemb</subfield>
    <subfield code="a">Matem&#xE1;ticas</subfield>
    <subfield code="x">Ense&#xF1;anza media</subfield>
    <subfield code="9">111230</subfield>
  </datafield>
  <datafield tag="650" ind1=" " ind2="7">
    <subfield code="2">lemb</subfield>
    <subfield code="a">Matem&#xE1;ticas</subfield>
    <subfield code="x">Ense&#xF1;anza superior</subfield>
    <subfield code="9">38760</subfield>
  </datafield>
  <datafield tag="650" ind1=" " ind2="7">
    <subfield code="2">lemb</subfield>
    <subfield code="a">Pedagog&#xED;a</subfield>
    <subfield code="9">111231</subfield>
  </datafield>
  <datafield tag="700" ind1=" " ind2="0">
    <subfield code="a">Vicente de la Riva, Damarys</subfield>
    <subfield code="e">asesor</subfield>
    <subfield code="9">76989</subfield>
  </datafield>
  <datafield tag="856" ind1=" " ind2=" ">
    <subfield code="u">https://bibliotecaunapec.blob.core.windows.net/tesis/TPG_C1_MMM_15_2020_eT220464.pdf</subfield>
    <subfield code="y">Hacer clic para ver el&#xA0;PDF&#xA0;(1.06 MB). Trabajo de posgrado</subfield>
  </datafield>
  <datafield tag="912" ind1=" " ind2=" ">
    <subfield code="a">AJRP</subfield>
    <subfield code="b">AJIM</subfield>
  </datafield>
  <datafield tag="942" ind1=" " ind2=" ">
    <subfield code="2">ddc</subfield>
    <subfield code="c">E-TES</subfield>
  </datafield>
  <datafield tag="999" ind1=" " ind2=" ">
    <subfield code="c">14565</subfield>
    <subfield code="d">14565</subfield>
  </datafield>
</record>
